Préfectures de France : Aurillac - Statistiques

Statistiques générales
  • Ce quiz a été pris 53 fois
  • Le résultat moyen est 18 sur 26
Statistiques - réponses
Question Réponse % Correct
Quel numéro porte celui-ci ? 15
100%
Comment se nomment ses habitants ? Aurillacois | Aurillacoises
100%
De quel département est-ce la préfecture ? Cantal
100%
La ville est située dans le massif central
98%
La ville appartient à l'académie de Clermont-Ferrand
98%
A quelle région administrative appartenait-elle auparavant ? Auvergne
95%
A quelle région administrative appartient la ville depuis 2015 ? Auvergne-Rhône-Alpes
95%
La ville appartient au diocèse de/d' Saint-Flour
93%
Quelles sont les sous-préfectures qui en dépendent ? Saint-Flour
93%
Les couleurs de fond de son blason sont le/l' rouge
86%
Les couleurs de fond de son blason sont le/l' bleu
83%
Les journaux locaux sont La {Montagne}
83%
Quelles sont les sous-préfectures qui en dépendent ? Mauriac
76%
Les communes limitrophes sont Arpajon-sur-Cère
74%
La ville est située au confluent de et de la {Jordanne}
74%
La ville est située au confluent de la {Cère}
64%
Les communes limitrophes sont Ytrac
64%
Les communes limitrophes sont Naucelles
52%
Les communes limitrophes sont Saint-Simon
45%
Les journaux locaux sont L'{Union} du Cantal
43%
Les communes limitrophes sont Giou-de-Mamou
40%
Les journaux locaux sont La {voix} du Cantal
33%
La ville est desservie par la nationale 122
29%
Ville européenne jumelée avec la ville (4 possible) Bocholt | Bassetlaw | Altea | Vorona
24%
La principale gare a été mise en service en 1866
7%
Ville non européenne jumelée avec la ville (1 possible) Bougouni
5%
Aucun quiz correspondant
Distribution des résultats
% des personnes avec chaque résultat
Percentile par nombre de réponses
Votre historique - résultats
Vous n’avez pas pris ce quiz